| 000 | 00615nam a22001937a 4500 | ||
|---|---|---|---|
| 003 | NUST | ||
| 005 | 20230202161602.0 | ||
| 008 | 190701b ||||| |||| 00| 0 eng d | ||
| 038 | _aMr. Zahoor | ||
| 082 | _a540 | ||
| 100 |
_aShafiq, Maryam _916153 |
||
| 245 |
_aSynthesis, Characterization and Photocatalytic Activity of g-C3N4 Based Metal Chalcogenides Nanacomposites _cMaryam Shafiq |
||
| 260 |
_a Islamabad : _bSNS - NUST, _c2018. |
||
| 300 |
_a81 p. : ill. ; _c 30cm |
||
| 500 | _aHardcover. | ||
| 650 |
_aChemistry - MS Thesis _916069 |
||
| 700 |
_aDr. Muhammad Fahad Ehsan _916081 |
||
| 942 |
_2ddc _cTHE |
||
| 999 |
_c525333 _d525333 |
||